| 000 | 01379 #a2200217 #4500 | ||
|---|---|---|---|
| 999 |
_c1087 _d1087 |
||
| 001 | BNM000271 | ||
| 005 | 20220829142145.0 | ||
| 008 | aespañol | ||
| 020 | _a987-978-98057-5-6 | ||
| 040 | _aAR-C50180D0 | ||
| 082 | 1 | 4 |
_214 _a331.11 |
| 110 | 1 |
_aArgentina. _bMinisterio de Trabajo, Empleo y Seguridad Social. _95300 |
|
| 245 | 1 | 0 |
_aAportes a una nueva visión de la informalidad laboral en la Argentina / _cMinisterio de Trabajo, Empleo y Seguridad Social. |
| 260 |
_aBuenos Aires : _bBanco Mundial, _bMinisterios de Trabajo, Empleo y Seguridad Social, _c2008. |
||
| 300 | _a254 p. | ||
| 505 |
_tUn nuevo esquema de políticas públicas para la reducción de la informalidad laboral. _tCaracterización de la informalidad laboral en el Gran Buenos Aires. _tInformalidad, protección social y mercado de trabajo en la Argentina. _tLos trabajadores independientes y el sistema de seguridad social. El caso del Gran Buenos Aires. _tLas reglas sociales como determinantes de la informalidad laboral. _tHeterogeneidad social y productiva : caracterización del trabajo informal en el Gran Buenos Aires. _tLa heterogeneidad del trabajo informa. Los resultados de un estudio cualitativo sobre los sectores del comercio textil, la construcción y el transporte. |
||
| 650 |
_aTRABAJO CLANDESTINO _2unescot |
||
| 650 | 0 |
_aEMPLEO INFORMAL _2oit _97178 |
|
| 651 | _aARGENTINA | ||
| 942 |
_2ddc _cLIBRO |
||
| 980 |
_820562 _g Diego Higa |
||